00771cam a22002294a 4500003000400000005001700004008004100021020001500062020001800077020001500095020001800110040002400128082002100152100002300173245012600196260004200322300002900364504006400393650002800457650001300485650004300498INP20260622095725.0060403s2007 dcua frb i001 0 eng d a0821366351 a9780821366356 a0821366378 a9780821366370 aEG-INPcEG-INPbara04a332.642221bm r1 aCirasino, Massimo.10aReforming payments and securities settlement systems in Latin America and the Caribbean /cMassimo Cirasino ... [et al.]. aWashington, DC :bWorld Bank,cc2007. a277 p. :bill. ;c28 cm. aIncludes bibliographical references (p. 265-270) and index. 7aPaymentzLatin America. 7aPayment. 0aClearing of securitieszLatin America.